000
00338nam a2200133Ia 4500
008
150201s2014 xx 000 0 und d
082
_a
616.07
_b
P2013V
100
_a
VINAY KUMAR
245
_a
ROBBINS & COTRAN PATHOLOGIC BASIS OF DISEASES
250
_a
8TH
260
_b
ELSEVIER PUBLICATION
650
_a
PATHOLOGY
942
_2
ddc
_c
BK
_0
13
999
_c
4836
_d
4836